000 00902nam0a22002771 4500
001 rc\2772547
005 20250806201243.0
035 _a(NLR Aleph) 006898902
090 _a16442
_c16442
100 _a20110915d1941 u y0rusy50 ca
101 0 _arus
102 _aRU
105 _aa z |||||
200 1 _aВ снегах Финляндии
_eЗаписки мл. командира
210 _aМосква
_cВоениздат
_d1941
215 _a96 с.
_cил.
_d16 см.
225 1 _aБиблиотека красноармейца
300 _aНа обл. автор не указан
700 1 _aМитрофанов
_bН.Н.
_gНиколай Николаевич
801 0 _aRU
_bNLR
_gpsbo
801 1 _aRU
_bELAR
_2rusmarc
852 _aNLR
_jИр50 Г-2/5
942 _cBOOK
945 _aРоссийская национальная библиотека
980 _aNB
980 _aBV